MLB Baseball Teams by a Picture Related to Their Name - Statistics

General Stats
  • This quiz has been taken 39 times
  • The average score is 24 of 30
Answer Stats
Picture Answer % Correct
Cubs
97%
White Sox
97%
Angels
93%
Rays
93%
Red Sox
93%
Tigers
93%
Cardinals
90%
Reds
90%
Twins
90%
Blue Jays
86%
Marlins
86%
Pirates
86%
Rangers
86%
Nationals
83%
Braves
79%
Diamondbacks
79%
Dodgers
79%
Orioles
79%
Phillies
79%
Padres
76%
Rockies
76%
Brewers
72%
Royals
72%
Astros
69%
Guardians
69%
Athletics
66%
Yankees
59%
Giants
55%
Mariners
55%
Mets
52%
No matching quizzes found
Score Distribution
Percent of People with Each Score
Percentile by Number Answered
Your Score History
You have not taken this quiz